| 000 | 00582nam a2200193 i 4500 | ||
|---|---|---|---|
| 001 | 80982 | ||
| 003 | ES-MaACL | ||
| 005 | 20250625063150.0 | ||
| 007 | t| | ||
| 008 | 041102s1970 sp |||| | spa d | ||
| 100 | 1 |
_aHolt, Victoria, _d1906-1993 _9166688 |
|
| 245 | 1 | 3 |
_aLa confesión de la reina / _cVictoria Holt ; [traducción, Rafael Vázquez Zamora]. |
| 250 | _a1ª ed. | ||
| 260 |
_aBarcelona : _bDestino, _c1970. |
||
| 300 |
_a464 p. ; _c19 cm. |
||
| 700 | 1 |
_aVázquez Zamora, Rafael, _d1911-1972 _9113498 |
|
| 852 |
_aES-MaACL _jC-39339 |
||
| 999 |
_c80982 _d80982 |
||